Statistics for All European Capitals by Picture

Click here to take the quiz!

General Stats

  • This quiz has been taken 46 times
  • The average score is 21 of 45

Answer Stats

Answer% Correct
Amsterdam
93%
Athens
87%
San Marino
83%
Moscow
80%
Paris
77%
London
77%
Vaduz
70%
Monaco
70%
Vatican City
70%
Rome
70%
Stockholm
70%
Brussels
70%
Reykjavik
67%
Prague
67%
Andorra la Vella
60%
Minsk
57%
Valletta
57%
Helsinki
53%
Kiev
50%
Budapest
50%
Luxembourg
47%
Oslo
43%
Tallinn
40%
Vienna
40%
Bern
37%
Sarajevo
37%
Lisbon
37%
Bucharest
37%
Madrid
37%
Warsaw
33%
Bratislava
33%
Riga
30%
Chisinau
27%
Podgorica
27%
Vilnius
27%
Copenhagen
27%
Zagreb
27%
Berlin
27%
Tirana
27%
Dublin
20%
Ljubljana
20%
Skopje
20%
Pristina
17%
Sofia
17%
Belgrade
13%

Score Distribution

Percentile by Number Answered

Percent of People with Each Score

Your Score History

You have not taken this quiz